[Event "PRIMERA Gandia 2011"]
[Site "Gandia"]
[Date "2011.10.22"]
[Round "3"]
[White "Ivorra Ordines, Pedro"]
[Black "Fenollar Bataller, David"]
[Result "1-0"]
[WhiteElo "1642"]
[BlackElo "1850"]
[PlyCount "124"]
[EventDate "2011.10.01"]
[EventRounds "7"]
[EventCountry "ESP"]

1. d4 e6 2. c4 Bb4+ 3. Bd2 Qe7 4. g3 Nf6 5. Bg2 O-O 6. a3 Bxd2+ 7. Qxd2 d5 8.
Nc3 dxc4 9. Nf3 c6 10. O-O Nbd7 11. e4 Nb6 12. Qe2 Bd7 13. e5 Nfd5 14. Ne4 a6
15. Nfd2 Rab8 16. Qh5 f5 17. Nd6 c3 18. bxc3 Nxc3 19. Kh1 Ncd5 20. Rae1 Be8 21.
Qe2 Nc8 22. N2c4 b5 23. Nxc8 Rxc8 24. Nd6 Rc7 25. Rc1 Nb6 26. Qd3 Nc8 27. Nxc8
Rxc8 28. Rc5 Qb7 29. Qc3 Bd7 30. Rc1 Qb6 31. h4 Rc7 32. Bxc6 Bxc6+ 33. Rxc6
Rxc6 34. Qxc6 Rb8 35. Kg2 h6 36. h5 a5 37. Qxb6 Rxb6 38. Kf3 b4 39. axb4 axb4
40. Ke3 b3 41. Rb1 g5 42. Kd3 Ra6 43. Rxb3 Ra2 44. Ke3 Ra5 45. f3 Rd5 46. f4 g4
47. Rb6 Kf7 48. Rb7+ Ke8 49. Rh7 Ra5 50. Rxh6 Ra3+ 51. Kf2 Ra2+ 52. Kf1 Ra1+
53. Ke2 Ra2+ 54. Kd1 Kd7 55. Rh8 Ra4 56. h6 Rxd4+ 57. Ke2 Ra4 58. h7 Ra2+ 59.
Kd3 Rh2 60. Kc4 Rc2+ 61. Kd3 Rh2 62. Rb8 Kc7 1-0

[Event "PRIMERA Gandia 2011"]
[Site "Gandia"]
[Date "2011.11.05"]
[Round "4"]
[White "Basilio Rodriguez, Jose Manuel"]
[Black "Banuls, Perez Andres"]
[Result "1-0"]
[WhiteElo "1907"]
[BlackElo "1805"]
[PlyCount "71"]
[EventDate "2011.10.01"]
[EventRounds "7"]
[EventCountry "ESP"]

1. c4 Nf6 2. Nc3 d5 3. cxd5 Nxd5 4. g3 c6 5. Bg2 g6 6. Qb3 Nf6 7. Nf3 Bg7 8.
O-O O-O 9. d4 Nbd7 10. e4 Nb6 11. h3 Qc7 12. Bf4 Qd8 13. Rfd1 Nh5 14. Be3 Nf6
15. a4 Be6 16. Qc2 Qc8 17. Kh2 Rd8 18. b3 Ne8 19. Rac1 f6 20. a5 Nd7 21. b4 Nd6
22. Qa4 Nc4 23. Qa2 Nf8 24. d5 Nxe3 25. fxe3 Bf7 26. Qe2 Rd6 27. Nb5 Rd7 28.
Nfd4 Qe8 29. dxc6 bxc6 30. Rxc6 Qd8 31. Rdc1 e5 32. Nf3 Ne6 33. h4 a6 34. Na3
Bf8 35. Nc4 Nc7 36. Nb6 {tiempo} 1-0

[Event "PRIMERA Gandia 2011"]
[Site "Gandia"]
[Date "2011.11.05"]
[Round "4"]
[White "Pons Botella, Jose Antonio"]
[Black "Olivares Ruiz, Pedro"]
[Result "0-1"]
[WhiteElo "1743"]
[BlackElo "1743"]
[PlyCount "50"]
[EventDate "2011.10.01"]
[EventRounds "7"]
[EventCountry "ESP"]

1. d4 Nf6 2. c4 e6 3. Nf3 c5 4. g3 cxd4 5. Nxd4 d5 6. Bg2 dxc4 7. Qa4+ Nbd7 8.
O-O Be7 9. e3 O-O 10. Qxc4 a6 11. Nd2 Rb8 12. b3 Nb6 13. Qe2 e5 14. N4f3 e4 15.
Ng5 Bg4 16. Qe1 Bb4 17. Ngxe4 Nxe4 18. Bxe4 Re8 19. f3 Bh3 20. Rf2 f5 21. Bc2
Rc8 22. Bd1 Bc3 23. Rb1 Qd3 24. Be2 Qxb1 25. Qd1 Bxd2 0-1

[Event "PRIMERA Gandia 2011"]
[Site "Gandia"]
[Date "2011.11.05"]
[Round "4"]
[White "Serra Ujaldon, Pau"]
[Black "Cerda Revert, Jose Maria"]
[Result "0-1"]
[WhiteElo "1430"]
[BlackElo "1769"]
[PlyCount "80"]
[EventDate "2011.10.01"]
[EventRounds "7"]
[EventCountry "ESP"]

1. d4 d5 2. c4 c6 3. Nc3 e6 4. a3 Nf6 5. e3 a6 6. Nf3 h6 7. Bd3 Nbd7 8. O-O Bd6
9. c5 Bc7 10. b4 O-O 11. a4 e5 12. Bc2 Re8 13. a5 Nf8 14. Na4 Bg4 15. h3 Bh5
16. dxe5 Bxe5 17. Rb1 Bc7 18. Bd3 Bg6 19. Bxg6 Nxg6 20. Nb6 Rb8 21. Nd2 Ne4 22.
Nxe4 Rxe4 23. Bd2 Qg5 24. f4 Qe7 25. Rf3 Nh4 26. Rg3 Nf5 27. Rg4 Nxe3 28. Bxe3
Rxe3 29. Qd4 f6 30. Qd2 Re2 31. Qd3 Re4 32. Qd2 Rd8 33. Na4 d4 34. Nb2 d3 35.
Nxd3 Re2 36. Qc3 Qe3+ 37. Kh1 Qxd3 38. Qxf6 Qxb1+ 39. Kh2 Rd7 40. Qxh6 Qe4 0-1

[Event "PRIMERA Gandia 2011"]
[Site "Gandia"]
[Date "2011.11.05"]
[Round "4"]
[White "Garcia Martinez, Vicente"]
[Black "Lopez Rojas, Luis"]
[Result "0-1"]
[WhiteElo "1629"]
[BlackElo "1705"]
[PlyCount "78"]
[EventDate "2011.10.01"]
[EventRounds "7"]
[EventCountry "ESP"]

1. e4 c5 2. Nf3 d6 3. Bc4 a6 4. h3 e6 5. O-O Nc6 6. a3 Nf6 7. d3 Be7 8. Be3 Qc7
9. Nc3 b5 10. Ba2 O-O 11. Ne2 Bb7 12. Bf4 e5 13. Bg5 h6 14. Be3 Nd8 15. Ng3 Ne6
16. Qd2 Nh7 17. Nf5 Neg5 18. Nxg5 Bxg5 19. Bxg5 hxg5 20. h4 gxh4 21. Nxh4 Qd8
22. Nf5 Bc8 23. Ng3 Be6 24. b3 Qh4 25. Nf5 Bxf5 26. exf5 Qg4 27. b4 Ng5 28. Qe3
cxb4 29. f4 exf4 30. Rxf4 Nh3+ 31. Qxh3 Qxf4 32. Rf1 Qd4+ 33. Kh1 Rac8 34. f6
gxf6 35. Rf5 Rc5 36. Qg3+ Kh7 37. Rf4 Rh5+ 38. Rh4 Rxh4+ 39. Qxh4+ Qxh4+ 0-1

[Event "PRIMERA Gandia 2011"]
[Site "Gandia"]
[Date "2011.11.12"]
[Round "5"]
[White "Olivares Ruiz, Pedro"]
[Black "Basilio Rodriguez, Jose Manuel"]
[Result "1-0"]
[WhiteElo "1743"]
[BlackElo "1907"]
[PlyCount "113"]
[EventDate "2011.10.01"]
[EventRounds "7"]
[EventCountry "ESP"]

1. c4 d6 2. d4 Nf6 3. Nc3 e5 4. dxe5 dxe5 5. Qc2 Be6 6. e3 Nbd7 7. Nf3 a5 8.
Be2 h6 9. O-O c6 10. b3 Qc7 11. Bb2 Nc5 12. Nd2 Nfd7 13. h3 g6 14. Nce4 Bg7 15.
Nxc5 Nxc5 16. Rad1 O-O 17. e4 f5 18. exf5 Bxf5 19. Qc3 Ne6 20. Qe3 Nf4 21. Ne4
Rad8 22. Kh2 Rxd1 23. Rxd1 Nxe2 24. Qxe2 Kh7 25. Kg1 Qf7 26. Nd6 Qe6 27. g4 Bb1
28. Ba3 c5 29. Bxc5 Rd8 30. Rxb1 Rxd6 31. Bxd6 Qxd6 32. Rd1 Qf6 33. Qe4 b6 34.
Rd7 Qh4 35. Qb7 Qf6 36. Qd5 Qf4 37. Qf7 Qxf7 38. Rxf7 Kg8 39. Rb7 Bf8 40. Rxb6
Kf7 41. Rb5 Bb4 42. a3 Bc3 43. c5 Ke6 44. b4 axb4 45. axb4 Kd5 46. Rb6 h5 47.
Rd6+ Kc4 48. c6 Bxb4 49. c7 Bxd6 50. c8=Q+ Kd5 51. Qg8+ Kd4 52. g5 e4 53. Qxg6
Be5 54. Qxh5 Kd3 55. g6 Bd4 56. Qd5 e3 57. Qxd4+ 1-0

[Event "PRIMERA Gandia 2011"]
[Site "Gandia"]
[Date "2011.11.12"]
[Round "5"]
[White "Banuls, Perez Andres"]
[Black "Tormo Bas, Gonzalo"]
[Result "0-1"]
[WhiteElo "1805"]
[BlackElo "1617"]
[PlyCount "74"]
[EventDate "2011.10.01"]
[EventRounds "7"]
[EventCountry "ESP"]

1. d4 Nf6 2. c4 g6 3. Nf3 Bg7 4. Nc3 O-O 5. e4 d6 6. Be3 e5 7. dxe5 dxe5 8. Be2
Nbd7 9. O-O Re8 10. Qc2 Qe7 11. Rfd1 c6 12. a3 a5 13. Na4 Ng4 14. Bg5 f6 15.
Bd2 Nh6 16. c5 Bf8 17. b4 axb4 18. Bxb4 Nf7 19. Nd2 f5 20. Nc4 Qg5 21. Nab6
Nxb6 22. Nxb6 Rb8 23. Bc4 f4 24. Qb3 Re7 25. Nxc8 Rxc8 26. Rd3 Kg7 27. Rad1 Qg4
28. Be6 Qxe6 29. Qxe6 Rxe6 30. Rd7 Re7 31. Kf1 Rc7 32. R7d3 Re8 33. Ba5 Rcc8
34. Bb6 Ra8 35. Ra1 Kf6 36. Rd7 Re7 37. Bd8 Nxd8 0-1

[Event "PRIMERA Gandia 2011"]
[Site "Gandia"]
[Date "2011.11.12"]
[Round "5"]
[White "Lopez Rojas, Luis"]
[Black "Pons Botella, Jose Antonio"]
[Result "0-1"]
[WhiteElo "1705"]
[BlackElo "1743"]
[PlyCount "52"]
[EventDate "2011.10.01"]
[EventRounds "7"]
[EventCountry "ESP"]

1. e4 e5 2. Nf3 Nf6 3. Nxe5 d6 4. Nf3 Nxe4 5. Nc3 Nxc3 6. dxc3 Be7 7. Bf4 O-O
8. Qd2 Nd7 9. O-O-O Nc5 10. h4 Be6 11. c4 Bf6 12. Be3 Ne4 13. Qe2 Bg4 14. Bd4
Re8 15. Qd3 Bxd4 16. Qxd4 c5 17. Qd5 Bxf3 18. gxf3 Nxf2 19. Rg1 Nxd1 20. Kxd1
Qxh4 21. Be2 Re5 22. Qd3 Rae8 23. Rg4 Qh1+ 24. Kd2 Rxe2+ 25. Qxe2 Rxe2+ 26.
Kxe2 h5 0-1

[Event "PRIMERA Gandia 2011"]
[Site "Gandia"]
[Date "2011.11.12"]
[Round "5"]
[White "Ivorra Ordines, Pedro"]
[Black "Ivorra Insa, Eusebio"]
[Result "0-1"]
[WhiteElo "1642"]
[BlackElo "1581"]
[PlyCount "90"]
[EventDate "2011.10.01"]
[EventRounds "7"]
[EventCountry "ESP"]

1. d4 Nf6 2. g3 c5 3. d5 d6 4. Bg2 g6 5. e4 Bg7 6. Ne2 Bg4 7. O-O Bxe2 8. Qxe2
Nbd7 9. c3 O-O 10. f4 e5 11. f5 a6 12. g4 b5 13. Be3 c4 14. Nd2 Qc7 15. Kh1 Nc5
16. Bxc5 Qxc5 17. Bf3 Bh6 18. Rf2 Bf4 19. g5 Bxg5 20. h4 Bh6 21. Rg1 Be3 22.
Rfg2 Bxg1 23. Rxg1 Kh8 24. Bg4 Nxg4 25. Qxg4 Qe3 26. Nf3 h5 27. Qg3 Qxe4 28.
Qg5 Qxf3+ 29. Rg2 Qxf5 30. Qh6+ Kg8 31. Kg1 Qf6 32. Qxh5 Qg7 33. Qf3 Rfe8 34.
h5 g5 35. Qf5 f6 36. Rh2 Qh6 37. Qd7 f5 38. Qxf5 Re7 39. Rg2 Rg7 40. Rf2 Qxh5
41. Qe6+ Rf7 42. Rh2 Qd1+ 43. Kg2 Qd2+ 44. Kh3 Qf4 45. Qg6+ Rg7 0-1

[Event "PRIMERA Gandia 2011"]
[Site "Gandia"]
[Date "2011.11.12"]
[Round "5"]
[White "Munoz, Minana Francisco Jav"]
[Black "Sanmateu Juan, Sergio"]
[Result "1-0"]
[WhiteElo "1829"]
[BlackElo "1672"]
[PlyCount "57"]
[EventDate "2011.10.01"]
[EventRounds "7"]
[EventCountry "ESP"]

1. d4 d5 2. c4 Nf6 3. Nc3 e6 4. e3 b6 5. cxd5 Nxd5 6. Nf3 Bb7 7. Bd3 Nd7 8.
Nxd5 Bxd5 9. O-O c5 10. Re1 Bd6 11. e4 Bb7 12. d5 e5 13. Bg5 f6 14. Bh4 Qe7 15.
Nd2 O-O-O 16. Qe2 g5 17. Bg3 h5 18. h3 h4 19. Bh2 Rdg8 20. f3 f5 21. exf5 Bxd5
22. Ne4 Bc7 23. Nc3 Nf6 24. Rad1 Rd8 25. Ne4 Nxe4 26. Bxe4 Rd6 27. Rxd5 Rxd5
28. Bxd5 Kb8 29. Bxe5 1-0

[Event "PRIMERA Gandia 2011"]
[Site "Gandia"]
[Date "2011.11.12"]
[Round "5"]
[White "Ferri Guerrero, Gabriel"]
[Black "Serra Ujaldon, Pau"]
[Result "1-0"]
[WhiteElo "1506"]
[BlackElo "1430"]
[PlyCount "49"]
[EventDate "2011.10.01"]
[EventRounds "7"]
[EventCountry "ESP"]

1. e4 c5 2. Nf3 d6 3. d4 cxd4 4. Nxd4 Nf6 5. Nc3 a6 6. Be3 b5 7. a3 Bb7 8. f3
e5 9. Nb3 Nc6 10. Qd2 b4 11. Nd5 bxa3 12. Rxa3 Nxd5 13. Qxd5 Qc7 14. Qc4 d5 15.
exd5 Bxa3 16. bxa3 Qd6 17. dxc6 Bxc6 18. Qc5 Qd5 19. Bc4 Qxc5 20. Bxc5 Ba4 21.
O-O a5 22. f4 exf4 23. Rxf4 Rc8 24. Bxf7+ Kd8 25. Rxa4 1-0

[Event "PRIMERA Gandia 2011"]
[Site "Gandia"]
[Date "2011.11.19"]
[Round "6"]
[White "Olivares Ruiz, Pedro"]
[Black "Tormo Bas, Gonzalo"]
[Result "1-0"]
[WhiteElo "1743"]
[BlackElo "1617"]
[PlyCount "87"]
[EventDate "2011.10.01"]
[EventRounds "7"]
[EventCountry "ESP"]

1. c4 Nf6 2. Nf3 g6 3. g3 Bg7 4. Bg2 O-O 5. O-O e6 6. Nc3 d6 7. d4 Nbd7 8. h3
e5 9. e4 h6 10. Be3 Kh7 11. Qd2 Qe7 12. Nh2 exd4 13. Bxd4 Ne5 14. b3 c5 15. Be3
Nc6 16. Rad1 Rd8 17. Rfe1 Qc7 18. f4 Qa5 19. Nb5 Qxd2 20. Rxd2 Ne8 21. Red1 Bf8
22. Bxc5 Bxh3 23. Nxd6 Bxg2 24. Kxg2 Nxd6 25. Bxd6 Bxd6 26. Rxd6 Rxd6 27. Rxd6
Rd8 28. Rxd8 Nxd8 29. Nf3 Nc6 30. Kf2 Kg7 31. Ke3 Kf8 32. Nd4 Nxd4 33. Kxd4 f6
34. c5 g5 35. fxg5 fxg5 36. g4 Kf7 37. b4 Kg6 38. b5 Kf6 39. e5+ Ke6 40. c6
bxc6 41. bxc6 Ke7 42. Kd5 h5 43. gxh5 g4 44. Ke4 1-0

[Event "PRIMERA Gandia 2011"]
[Site "Gandia"]
[Date "2011.11.19"]
[Round "6"]
[White "Basilio Rodriguez, Jose Manuel"]
[Black "Pons Botella, Jose Antonio"]
[Result "1-0"]
[WhiteElo "1907"]
[BlackElo "1743"]
[PlyCount "59"]
[EventDate "2011.10.01"]
[EventRounds "7"]
[EventCountry "ESP"]

1. c4 Nf6 2. g3 g6 3. Bg2 Bg7 4. Nc3 O-O 5. Nf3 c6 6. O-O d5 7. d4 dxc4 8. Ne5
Nbd7 9. Nxc4 Nb6 10. Ne5 Nfd5 11. f4 f6 12. Nf3 Bg4 13. e4 Nxc3 14. bxc3 Kh8
15. Qb3 e5 16. fxe5 Bxf3 17. exf6 Bxf6 18. Bxf3 Bg7 19. Be3 Qe7 20. a4 Rae8 21.
a5 Nd5 22. Bd2 Nc7 23. Rad1 Nb5 24. Bg2 Rxf1+ 25. Rxf1 Bxd4+ 26. cxd4 Nxd4 27.
Qf7 Qxf7 28. Rxf7 Ne2+ 29. Kf2 Nd4 30. Bc3 1-0

[Event "PRIMERA Gandia 2011"]
[Site "Gandia"]
[Date "2011.11.19"]
[Round "6"]
[White "Ivorra Insa, Eusebio"]
[Black "Munoz, Minana Francisco Jav"]
[Result "1-0"]
[WhiteElo "1581"]
[BlackElo "1829"]
[PlyCount "35"]
[EventDate "2011.10.01"]
[EventRounds "7"]
[EventCountry "ESP"]

1. e4 e5 2. f4 d6 3. Nf3 exf4 4. Bc4 Be7 5. O-O Nc6 6. d4 Bg4 7. Bxf4 Qd7 8. c3
Na5 9. Nbd2 Nxc4 10. Nxc4 O-O-O 11. Qb3 Bxf3 12. Rxf3 g5 13. Bg3 a6 14. Rxf7
Nf6 15. e5 Ne8 16. exd6 Nxd6 17. Bxd6 cxd6 18. Nb6+ 1-0

[Event "PRIMERA Gandia 2011"]
[Site "Gandia"]
[Date "2011.11.26"]
[Round "7"]
[White "Cerda Revert, Jose Maria"]
[Black "Lopez Rojas, Luis"]
[Result "1-0"]
[WhiteElo "1769"]
[BlackElo "1705"]
[PlyCount "67"]
[EventDate "2011.10.01"]
[EventRounds "7"]
[EventCountry "ESP"]

1. e4 c5 2. c4 d6 3. d3 Nf6 4. Nc3 e6 5. Nf3 Nc6 6. g3 a6 7. Bg2 Qc7 8. O-O Be7
9. Re1 h6 10. b3 e5 11. h3 Bd7 12. Kh2 O-O-O 13. Nd5 Nxd5 14. cxd5 Na7 15. a4
Kb8 16. Be3 g5 17. Nd2 Rdg8 18. Nc4 h5 19. b4 Bxh3 20. Bxh3 g4 21. Bf1 h4 22.
Kg1 Qd8 23. bxc5 hxg3 24. fxg3 Rh7 25. cxd6 Bxd6 26. Nxd6 Qxd6 27. d4 exd4 28.
Bf4 Qxf4 29. gxf4 g3 30. Bg2 Rh2 31. Qxd4 Nc8 32. d6 Rd8 33. e5 f6 34. Qd5 1-0

[Event "PRIMERA Gandia 2011"]
[Site "Gandia"]
[Date "2011.11.26"]
[Round "7"]
[White "Parra Boronat, Mar"]
[Black "Benavent Tormo, Alfonso"]
[Result "1/2-1/2"]
[WhiteElo "1459"]
[BlackElo "1774"]
[PlyCount "33"]
[EventDate "2011.10.01"]
[EventRounds "7"]
[EventCountry "ESP"]

1. e4 c5 2. Nf3 e6 3. Nc3 Nc6 4. Bc4 Qc7 5. d4 cxd4 6. Nxd4 a6 7. a4 Nf6 8. O-O
Be7 9. Bg5 O-O 10. f4 Nxd4 11. e5 Qxc4 12. exf6 Bxf6 13. Bxf6 gxf6 14. Qg4+ Kh8
15. Qh4 Rg8 16. Qxf6+ Rg7 17. Qd8+ 1/2-1/2

[Event "SEGUNDA, Silla 2011"]
[Site "Silla"]
[Date "2011.10.15"]
[Round "2"]
[White "Garcia Albarracin, Diego F"]
[Black "Martinez Robles, Pablo Javier"]
[Result "1-0"]
[WhiteElo "1782"]
[BlackElo "1152"]
[PlyCount "42"]
[EventDate "2011.10.01"]
[EventRounds "7"]
[EventCountry "ESP"]

1. d4 c5 2. c3 cxd4 3. cxd4 d5 4. Nf3 Nf6 5. Bf4 Bf5 6. e3 e6 7. Qa4+ Nc6 8.
Bb5 Rc8 9. O-O Bd6 10. Bxc6+ Rxc6 11. Bxd6 Qxd6 12. Ne5 Nd7 13. Nxc6 bxc6 14.
Nd2 Qb8 15. Qxc6 Qxb2 16. Qc8+ Ke7 17. Qxh8 Qxd2 18. Qxg7 Bd3 19. Rfc1 Nf6 20.
Rc7+ Nd7 21. Qg5+ Ke8 1-0

[Event "SEGUNDA, Silla 2011"]
[Site "Silla"]
[Date "2011.10.22"]
[Round "3"]
[White "Juan Barbera, Hugo"]
[Black "Garcia Albarracin, Diego F"]
[Result "1-0"]
[WhiteElo "1652"]
[BlackElo "1782"]
[PlyCount "79"]
[EventDate "2011.10.01"]
[EventRounds "7"]
[EventCountry "ESP"]

1. e4 c6 2. d4 d5 3. Nc3 dxe4 4. Nxe4 Nd7 5. Nf3 Ngf6 6. Bd3 Nxe4 7. Bxe4 Nf6
8. Qe2 Bg4 9. c3 e6 10. h3 Bh5 11. O-O Nxe4 12. Qxe4 Qd5 13. Qxd5 cxd5 14. Ne5
Bd6 15. Bf4 Ke7 16. Rfe1 Raf8 17. Re3 g5 18. Bxg5+ f6 19. Bh4 Bg6 20. Rae1 Bf5
21. Ng4 Bf4 22. Rf3 Bxg4 23. Rxf4 Bh5 24. Rf5 Bg6 25. Rxd5 Rhg8 26. Rde5 Bf7
27. d5 Kd6 28. Bxf6 exd5 29. Be7+ Kc6 30. Bxf8 Rxf8 31. Rf5 Kd7 32. Ree5 a6 33.
a3 Kd6 34. Rxd5+ Ke6 35. Rde5+ Kd6 36. g4 h5 37. gxh5 Rg8+ 38. Rg5 Rc8 39. Re4
Be8 40. Rd4+ 1-0

[Event "SEGUNDA, Silla 2011"]
[Site "Silla"]
[Date "2011.10.22"]
[Round "3"]
[White "Mateo Lopez, Ricardo"]
[Black "Furio Martinez, Francisco"]
[Result "1-0"]
[WhiteElo "1416"]
[BlackElo "1554"]
[PlyCount "96"]
[EventDate "2011.10.01"]
[EventRounds "7"]
[EventCountry "ESP"]

1. d4 e6 2. c4 d5 3. Nf3 Nd7 4. Nc3 Ngf6 5. e3 Be7 6. Bd3 c6 7. cxd5 cxd5 8.
Bd2 b6 9. h3 Bb7 10. Rc1 O-O 11. O-O a6 12. Qe2 b5 13. a3 Rc8 14. Na2 Qb6 15.
Bb4 Bd6 16. Bxd6 Qxd6 17. Qd2 Nb6 18. Ne5 Nfd7 19. Nxd7 Nxd7 20. Qb4 Qxb4 21.
Nxb4 Nb6 22. b3 f6 23. f4 g6 24. Be2 Kg7 25. Nd3 Nd7 26. b4 Rxc1 27. Rxc1 Rc8
28. Rxc8 Bxc8 29. Nc5 Kf7 30. Kf2 Ke7 31. a4 Nxc5 32. dxc5 bxa4 33. Bd1 a3 34.
Bb3 Kd7 35. Ke2 Bb7 36. g3 Bc6 37. Kd3 Bb5+ 38. Kc3 Kc6 39. Kc2 a5 40. Kc3 a4
41. Bc2 Kd7 42. h4 e5 43. Bd1 d4+ 44. exd4 exd4+ 45. Kc2 Ke6 46. Kb1 Kd5 47.
Ka2 Ke4 48. Kxa3 Kd3 1-0

[Event "SEGUNDA, Silla 2011"]
[Site "Silla"]
[Date "2011.10.22"]
[Round "3"]
[White "Ruiz Catalan, Oriol"]
[Black "Lozano Bernal, Juan Jose"]
[Result "0-1"]
[WhiteElo "1372"]
[BlackElo "1710"]
[PlyCount "98"]
[EventDate "2011.10.01"]
[EventRounds "7"]
[EventCountry "ESP"]

1. e4 c5 2. Nc3 Nc6 3. Bb5 e6 4. f4 Nd4 5. Ba4 a6 6. d3 b5 7. Bb3 a5 8. a4 b4
9. Nce2 Nxb3 10. cxb3 d5 11. Be3 Ba6 12. Nf3 Nf6 13. Ng3 Ng4 14. Bc1 Qb6 15. h3
dxe4 16. dxe4 Rd8 17. Qc2 Bd3 18. Qd2 Bxe4 19. Qe2 Bd3 20. Qd2 Nf6 21. Ne5 Ne4
22. Nxe4 Bxe4 23. Qe2 Bd5 24. O-O Qd6 25. Qb5+ Ke7 26. Be3 Qc7 27. Bxc5+ Kf6
28. Bd4 Ke7 29. Bc5+ Kf6 30. Ng4+ Kg6 31. Qd3+ f5 32. Ne5+ Kf6 33. Bd4 Ke7 34.
Bc5+ Qxc5+ 35. Rf2 Be4 36. Qe2 Kf6 37. g4 Bd6 38. g5+ Ke7 39. Ng4 Bxf4 40. Rd1
Rxd1+ 41. Qxd1 Rd8 42. Qe1 Bxg5 43. Kf1 Bd3+ 44. Kg2 fxg4 45. Kg3 gxh3 46. Kxh3
Bf5+ 47. Kh2 Bh4 48. Qg1 Qxf2+ 49. Qxf2 Bxf2 0-1

[Event "SEGUNDA, Silla 2011"]
[Site "Silla"]
[Date "2011.11.05"]
[Round "4"]
[White "Lozano Bernal, Juan Jose"]
[Black "Juan Barbera, Hugo"]
[Result "1/2-1/2"]
[WhiteElo "1710"]
[BlackElo "1652"]
[PlyCount "81"]
[EventDate "2011.10.01"]
[EventRounds "7"]
[EventCountry "ESP"]

1. e4 d5 2. exd5 Nf6 3. Nf3 Nxd5 4. d4 Bf5 5. Be2 e6 6. c3 Bd6 7. a3 Nd7 8. c4
N5f6 9. Nc3 Ne4 10. Nxe4 Bxe4 11. c5 Be7 12. O-O Nf6 13. Ne5 O-O 14. b4 h5 15.
Bb2 h4 16. h3 Nd5 17. Re1 Nf4 18. Bf3 Bd5 19. Qd2 Bg5 20. Qd1 c6 21. Bxd5 Qxd5
22. Qg4 Bh6 23. Nf3 Nd3 24. Re2 Qb3 25. Rb1 Bc1 26. Nd2 Qd1+ 27. Nf1 Nxb2 28.
Rexb2 Qxg4 29. hxg4 Bxb2 30. Rxb2 Rad8 31. Rd2 g5 32. Ne3 Rd7 33. Kf1 Rfd8 34.
Nc2 e5 35. Ke1 exd4 36. Kd1 Kg7 37. Rd3 Kg6 38. Rf3 d3 39. Ne3 d2 40. Nc4 Re7
41. Nd6 1/2-1/2

[Event "SEGUNDA, Silla 2011"]
[Site "Silla"]
[Date "2011.11.05"]
[Round "4"]
[White "Higueras De La Iglesia, Pablo"]
[Black "Mateo Lopez, Ricardo"]
[Result "1/2-1/2"]
[WhiteElo "1461"]
[BlackElo "1416"]
[PlyCount "97"]
[EventDate "2011.10.01"]
[EventRounds "7"]
[EventCountry "ESP"]

1. e4 e5 2. Nf3 Nc6 3. Bb5 d6 4. O-O Bd7 5. c3 Nf6 6. Re1 Ne7 7. Bxd7+ Qxd7 8.
d4 Ng6 9. Bg5 Be7 10. Nbd2 h6 11. Bxf6 Bxf6 12. d5 c6 13. c4 O-O 14. Nf1 Nf4
15. Ne3 cxd5 16. Nxd5 Nxd5 17. cxd5 Rac8 18. Qd2 Be7 19. Rac1 f5 20. Rxc8 Rxc8
21. exf5 Qxf5 22. Qb4 Qd7 23. h3 Bd8 24. Nd2 Rc5 25. Qe4 Bb6 26. Nb3 Rc8 27.
Kf1 Qf7 28. Re2 Rf8 29. f3 Qd7 30. Rc2 Rc8 31. Qd3 Rxc2 32. Qxc2 Qb5+ 33. Ke1
Qxd5 34. Qc8+ Kh7 35. Qf5+ Kg8 36. Qc8+ Kf7 37. Qd7+ Kf6 38. Qg4 Qd3 39. Qh4+
Kf7 40. Qh5+ Kf8 41. Qg4 Qb1+ 42. Ke2 Qxb2+ 43. Kd3 Qb1+ 44. Kc3 Qe1+ 45. Kc4
Qe2+ 46. Kd5 Qd3+ 47. Ke6 Qc3 48. Qf5+ Kg8 49. Qf7+ 1/2-1/2

[Event "SEGUNDA, Silla 2011"]
[Site "Silla"]
[Date "2011.11.12"]
[Round "5"]
[White "Juan Barbera, Hugo"]
[Black "Cortes Velez, Manuel"]
[Result "0-1"]
[WhiteElo "1652"]
[BlackElo "1683"]
[PlyCount "77"]
[EventDate "2011.10.01"]
[EventRounds "7"]
[EventCountry "ESP"]

1. e4 e5 2. Nf3 Nc6 3. Bb5 Nge7 4. d3 a6 5. Ba4 b5 6. Bb3 h6 7. c3 d6 8. h3 Na5
9. Bc2 Ng6 10. b4 Nc6 11. a4 Bd7 12. d4 exd4 13. Nxd4 Nce5 14. Qe2 c6 15. O-O
c5 16. bxc5 dxc5 17. Nf3 Bd6 18. Rd1 Qf6 19. Be3 Nxf3+ 20. Qxf3 Qxf3 21. gxf3
Ke7 22. Nd2 Rhc8 23. axb5 axb5 24. Rxa8 Rxa8 25. c4 Nf4 26. Bxf4 Bxf4 27. cxb5
Ra2 28. Bb3 Rxd2 29. Rxd2 Bxd2 30. b6 Bf4 31. Bd5 Bxh3 32. b7 Bb8 33. Bc4 f6
34. Bd5 Kd6 35. Kh2 Be6 36. Bxe6 Kxe6+ 37. Kg2 Ke5 38. Kf1 Kd4 39. Ke2 0-1